=LDR 00000nam 2200000 4500 =001 INLIS000000000026346 =005 20130612124807 =008 ***********************************Ind** =035 ##$$0010-061300000026346 =041 ##$$a Ind =082 ##$$a 378.17 =090 ##$$a 378.17, Pen p =245 ##$$a Peningkatan dan pengembangan pendidikan =260 ##$$a S.a] $b [S.l] =300 ##$$a 252 hlm, 21 cm =650 ##$$a Pendidikan =850 ##$$a NBPNMAT